Under guarantee (Record no. 70336)

MARC details
000 -LEADER
fixed length control field 01064cam a2200241 4500
001 - CONTROL NUMBER
control field ABS65543
008 - FIXED-LENGTH DATA ELEMENTS--GENERAL INFORMATION
fixed length control field 020522n2002 000 0 eng u
035 ## - SYSTEM CONTROL NUMBER
System control number (Sirsi) u118103
100 ## - MAIN ENTRY--PERSONAL NAME
Personal name Butler, J.
245 ## - TITLE STATEMENT
Title Under guarantee
260 ## - PUBLICATION, DISTRIBUTION, ETC.
Date of publication, distribution, etc. 2002
490 ## - SERIES STATEMENT
Series statement Estates Gazette
Volume/sequential designation (0219) 11 May 2002, 142(1)
520 ## - SUMMARY, ETC.
Summary, etc. In the first of two articles, the authors consider the effectiveness of common provisions found in lease guarantees.The main points that emerge are that a lease variation may discharge the guarantor and that the former guarantor's liability may be limited by the Landlord and Tenant (Covenants) Act 1995 s18. The next article will focus on guarantee provisions dealing with a tenant's insolvency.
590 ## - LOCAL NOTE (RLIN)
Local note ABS
650 ## - SUBJECT ADDED ENTRY--TOPICAL TERM
Topical term or geographic name entry element LEASE VARIATIONS
650 ## - SUBJECT ADDED ENTRY--TOPICAL TERM
Topical term or geographic name entry element HOLME V BRUNSKILL
650 ## - SUBJECT ADDED ENTRY--TOPICAL TERM
Topical term or geographic name entry element WEST HORDON INDUSTRIAL PARK LTD V PHOENIX TIMBER GROUP PLC
650 ## - SUBJECT ADDED ENTRY--TOPICAL TERM
Topical term or geographic name entry element GUARANTEE PROVISIONS
650 ## - SUBJECT ADDED ENTRY--TOPICAL TERM
Topical term or geographic name entry element LANDLORD AND TENANT (COVENANTS) ACT 1995 S18
690 ## - LOCAL SUBJECT ADDED ENTRY--TOPICAL TERM (OCLC, RLIN)
Topical term or geographic name as entry element LANDLORD AND TENANT-LEASES
700 ## - ADDED ENTRY--PERSONAL NAME
Personal name Williams, H.
942 ## - ADDED ENTRY ELEMENTS (KOHA)
Suppress in OPAC 0
Holdings
Withdrawn status Lost status Source of classification or shelving scheme Damaged status Not for loan Home library Current library Shelving location Date acquired Total Checkouts Full call number Barcode Date last seen Copy number Price effective from Koha item type
    Dewey Decimal Classification     London London Journal article 22/05/2002   ABS65543 118103-1001 06/08/2019 1 06/08/2019 Journal article